00561nam a2200169Ia 4500008004100000020001800041041000800059082001700067100001700084245003600101250000600137260006500143300001200208650002000220999001900240952013200259210716s2015 xx 000 0 und d a9789352131815 aeng a004.602 YANK aYank, Kevin. aPHP and mysql: novice to ninja. a5 aNew DelhibShroff Publishers and Distributors Pvt Ltdc2015 axvi,496 aPHP Programming c195072d195072 001040708MCAaAIMITbAIMITeKnowledge Worldg1050.00l0o004.602 YANKpMCA14581r2025-07-21 00:00:00v819.00w2021-07-16yBK